[Event "Verbandsliga MV 2014-15"]
[Site "Mecklenburg-Vorpommern"]
[Date "2014.12.07"]
[Round "4.3"]
[White "Kohn, Andreas"]
[Black "Wagner, Ralph"]
[Result "1/2-1/2"]
[WhiteElo "1926"]
[BlackElo "2059"]
[PlyCount "40"]
[EventType "team-tourn"]
[EventRounds "9"]
[WhiteTeam "FHSG Stralsund"]
[BlackTeam "SF Schwerin  III"]

1. e4 d5 2. exd5 Qxd5 3. Nc3 Qa5 4. d4 c6 5. Nf3 Nf6 6. Bd2 Bf5 7. Bc4 e6 8.
O-O Qc7 9. Re1 Bd6 10. h3 O-O 11. Ne5 Nbd7 12. Bf4 Nd5 13. Nxd5 cxd5 14. Bd3
Bg6 15. Nxd7 Qxd7 16. Bxd6 Qxd6 17. c3 Rab8 18. Bxg6 hxg6 19. Qg4 b5 20. a3 a5
1/2-1/2

[Event "Verbandsliga MV 2014-15"]
[Site "Mecklenburg-Vorpommern"]
[Date "2014.12.07"]
[Round "4.4"]
[White "Wandel, Bernd"]
[Black "Kohn, Thomas"]
[Result "1-0"]
[WhiteElo "2032"]
[BlackElo "1886"]
[PlyCount "50"]
[EventType "team-tourn"]
[EventRounds "9"]
[WhiteTeam "SF Schwerin  III"]
[BlackTeam "FHSG Stralsund"]

1. d4 Nf6 2. c4 g6 3. Nc3 Bg7 4. e4 d6 5. f3 O-O 6. Be3 e5 7. Nge2 Nc6 8. Qd2
exd4 9. Nxd4 Nxd4 10. Bxd4 Be6 11. Be2 c6 12. Rd1 Qa5 13. O-O Rfd8 14. Kh1 Qc7
15. f4 Qe7 16. f5 Bc8 17. g4 Nxe4 18. Qe3 Bxd4 19. Rxd4 d5 20. cxd5 cxd5 21. f6
Qf8 22. Nxd5 Nc5 23. Ne7+ Kh8 24. Rxd8 Qxd8 25. Qxc5 Be6 1-0

[Event "Verbandsliga MV 2014-15"]
[Site "Mecklenburg-Vorpommern"]
[Date "2014.12.07"]
[Round "4.5"]
[White "Giese, Lothar"]
[Black "Roehl, Rainer"]
[Result "0-1"]
[WhiteElo "1787"]
[BlackElo "2007"]
[PlyCount "78"]
[EventType "team-tourn"]
[EventRounds "9"]
[WhiteTeam "FHSG Stralsund"]
[BlackTeam "SF Schwerin  III"]

1. c4 c5 2. Nc3 g6 3. e4 Bg7 4. d3 Nc6 5. Nf3 d6 6. Be2 Nf6 7. O-O O-O 8. Rb1
Bg4 9. Be3 Nd7 10. Ne1 Bxe2 11. Qxe2 Nd4 12. Bxd4 cxd4 13. Nd1 Qa5 14. b4 Qa6
15. f4 b5 16. cxb5 Qxb5 17. Nc2 a5 18. a3 Rfc8 19. Nf2 Qa4 20. Rfc1 e5 21. f5
Bh6 22. Ng4 Bxc1 23. Rxc1 h5 24. Nh6+ Kg7 25. Qd2 Rh8 26. Nxf7 Kxf7 27. Qg5
gxf5 28. Qxf5+ Ke7 29. Qg5+ Nf6 30. Qg7+ Ke6 31. Rf1 Rhf8 32. Ne1 Qd7 33. Qg6
Qf7 34. Qf5+ Ke7 35. Nf3 Qe6 36. Qg5 Qg4 37. Qc1 Rac8 38. Qd2 Qf4 39. Qb2 Qe3+
0-1

[Event "Verbandsliga MV 2014-15"]
[Site "Mecklenburg-Vorpommern"]
[Date "2014.12.07"]
[Round "4.6"]
[White "Kross, Gunnar"]
[Black "Glawe, Hartmut"]
[Result "1-0"]
[WhiteElo "1965"]
[BlackElo "1865"]
[PlyCount "71"]
[EventType "team-tourn"]
[EventRounds "9"]
[WhiteTeam "SF Schwerin  III"]
[BlackTeam "FHSG Stralsund"]

1. d4 d5 2. c4 e6 3. Nf3 Nf6 4. Nc3 c6 5. e3 Bd6 6. Be2 Nbd7 7. O-O O-O 8. b3
a6 9. Bb2 Re8 10. Qc2 e5 11. dxe5 Nxe5 12. cxd5 cxd5 13. Rfd1 Bg4 14. Nxe5 Bxe2
15. Nxe2 Bxe5 16. Bxe5 Rxe5 17. Rac1 Re7 18. Rd4 Qe8 19. Nf4 Rd8 20. Rcd1 Re5
21. Qd3 Qc6 22. h3 g5 23. Ne2 Rc8 24. Rc1 Qe6 25. Rxc8+ Qxc8 26. Qc3 Qf5 27.
Qd3 Qc8 28. Nc3 Qe6 29. a4 h5 30. b4 g4 31. hxg4 hxg4 32. g3 Rh5 33. Ne2 Qc6
34. b5 axb5 35. axb5 Qc5 36. Rf4 {ZÜ} 1-0

[Event "Verbandsliga MV 2014-15"]
[Site "Mecklenburg-Vorpommern"]
[Date "2014.12.07"]
[Round "4.7"]
[White "Jabbusch, Burkhard"]
[Black "Helms, Sven"]
[Result "0-1"]
[WhiteElo "1769"]
[BlackElo "1928"]
[PlyCount "50"]
[EventType "team-tourn"]
[EventRounds "9"]
[WhiteTeam "FHSG Stralsund"]
[BlackTeam "SF Schwerin  III"]

1. f4 d5 2. Nf3 e6 3. d4 c5 4. e3 Nf6 5. c4 Nc6 6. cxd5 exd5 7. Nc3 Bg4 8. Be2
Be7 9. O-O O-O 10. Ne5 Bxe2 11. Nxc6 bxc6 12. Qxe2 Re8 13. Qd3 Qb6 14. h3 Bd6
15. b3 Ne4 16. Nxe4 Rxe4 17. Bb2 Rae8 18. Rf3 c4 19. Qd2 cxb3 20. axb3 Qxb3 21.
Bc3 Qb7 22. Kf2 Qe7 23. g3 c5 24. Qd3 c4 25. Qd2 Rb8 {ZÜ} 0-1

[Event "Verbandsliga MV 2014-15"]
[Site "Mecklenburg-Vorpommern"]
[Date "2015.01.18"]
[Round "5.1"]
[White "Weber, Max"]
[Black "Mehl, Ronald"]
[Result "1-0"]
[WhiteElo "2167"]
[BlackElo "2095"]
[PlyCount "29"]
[EventType "team-tourn"]
[EventRounds "9"]
[WhiteTeam "SSC Rostock 07  II"]
[BlackTeam "FHSG Stralsund"]

1. d4 Nf6 2. c4 e6 3. Nf3 Bb4+ 4. Nbd2 O-O 5. a3 Be7 6. e4 d5 7. e5 Nfd7 8. Bd3
c5 9. h4 cxd4 10. Bxh7+ Kxh7 11. Ng5+ Kg6 12. h5+ Kf5 13. Ndf3 Bxg5 14. Qd3+
Kg4 15. Qxd4+ 1-0

[Event "Verbandsliga MV 2014-15"]
[Site "Mecklenburg-Vorpommern"]
[Date "2015.01.18"]
[Round "5.2"]
[White "Hubert, Peter"]
[Black "Engel, Gunnar"]
[Result "0-1"]
[WhiteElo "1999"]
[BlackElo "2016"]
[PlyCount "77"]
[EventType "team-tourn"]
[EventRounds "9"]
[WhiteTeam "FHSG Stralsund"]
[BlackTeam "SSC Rostock 07  II"]

1. Nf3 Nf6 2. d4 g6 3. c4 Bg7 4. Nc3 O-O 5. e4 d6 6. Be2 e5 7. dxe5 dxe5 8. O-O
Nbd7 9. Bg5 Re8 10. Qc2 c6 11. Rfd1 Qc7 12. Rab1 Nc5 13. h3 Ne6 14. Be3 Nf4 15.
Bf1 Be6 16. Ng5 Bd7 17. g3 h6 18. Nxf7 Kxf7 19. gxf4 exf4 20. Bc5 Qe5 21. Bd6
Qh5 22. Bxf4 Bxh3 23. Bxh3 Qxh3 24. Qe2 Nh5 25. Bh2 Be5 26. f3 Kg8 27. Rd3 Bg3
28. Rd2 Bxh2+ 29. Qxh2 Qxf3 30. Qg2 Qe3+ 31. Qf2 Qg5+ 32. Qg2 Qc5+ 33. Kh1 Nf4
34. Qg3 g5 35. Rbd1 Qxc4 36. Rd6 Re6 37. R6d4 Ne2 $2 38. Rd8+ Re8 39. Qd6 $2
$19 {ZÜ} (39. Rxe8+ Rxe8 40. Qd6 {macht remis}) 0-1

[Event "Verbandsliga MV 2014-15"]
[Site "Mecklenburg-Vorpommern"]
[Date "2015.01.18"]
[Round "5.3"]
[White "Pererva, Viktor"]
[Black "Kohn, Andreas"]
[Result "0-1"]
[WhiteElo "2013"]
[BlackElo "1926"]
[PlyCount "84"]
[EventType "team-tourn"]
[EventRounds "9"]
[WhiteTeam "SSC Rostock 07  II"]
[BlackTeam "FHSG Stralsund"]

1. e4 e6 2. d4 d5 3. Nc3 Bb4 4. Nge2 Nf6 5. e5 Nfd7 6. a3 Ba5 7. b4 Bb6 8. Be3
O-O 9. Na4 f6 10. Nxb6 Nxb6 11. Ng3 fxe5 12. dxe5 Nc6 13. Bd4 Qg5 14. Be2 Nxd4
15. Qxd4 Nd7 16. O-O Qxe5 17. Qxe5 Nxe5 18. Rfe1 Ng6 19. Rad1 c6 20. c3 b5 21.
Bd3 Nf4 22. Bc2 Bd7 23. Ne2 Nxe2+ 24. Rxe2 a5 25. g3 axb4 26. axb4 Rf3 27. Rd3
Rxd3 28. Bxd3 Ra3 29. Re3 g6 30. Be2 Kf7 31. h4 e5 32. Kg2 Bf5 33. Bf3 h5 34.
Be2 Be4+ 35. Bf3 Bxf3+ 36. Kxf3 Kf6 37. Ke2 e4 38. f3 Ra2+ 39. Kf1 Kf5 40.
fxe4+ dxe4 41. Ke1 Ke5 42. Kd1 Rf2 0-1

[Event "Verbandsliga MV 2014-15"]
[Site "Mecklenburg-Vorpommern"]
[Date "2015.01.18"]
[Round "5.4"]
[White "Kohn, Thomas"]
[Black "Brack, Peter"]
[Result "1/2-1/2"]
[WhiteElo "1886"]
[BlackElo "1982"]
[PlyCount "46"]
[EventType "team-tourn"]
[EventRounds "9"]
[WhiteTeam "FHSG Stralsund"]
[BlackTeam "SSC Rostock 07  II"]

1. Nf3 d5 2. c4 e6 3. d4 c6 4. e3 Nf6 5. Nc3 Be7 6. Bd3 O-O 7. O-O dxc4 8. Bxc4
b5 9. Bd3 Bb7 10. Qe2 b4 11. Na4 Nbd7 12. Rd1 Qa5 13. b3 Rfd8 14. Bd2 e5 15. e4
Re8 16. a3 exd4 17. e5 Bd6 18. axb4 Qd8 19. Bf4 h6 20. Nc5 Bxc5 21. bxc5 Nxc5
22. Qc2 Nxd3 23. Rxd3 Nd5 1/2-1/2

[Event "Verbandsliga MV 2014-15"]
[Site "Mecklenburg-Vorpommern"]
[Date "2015.01.18"]
[Round "5.5"]
[White "Mangold, Thomas"]
[Black "Manke, Karsten"]
[Result "1-0"]
[WhiteElo "1922"]
[BlackElo "1781"]
[PlyCount "73"]
[EventType "team-tourn"]
[EventRounds "9"]
[WhiteTeam "SSC Rostock 07  II"]
[BlackTeam "FHSG Stralsund"]

1. c4 Nf6 2. g3 e5 3. Bg2 d6 4. Nc3 c6 5. d4 Qc7 6. Nf3 Bg4 7. O-O Be7 8. Be3
Nbd7 9. Rc1 Qb8 10. h3 Bh5 11. Nh4 Bg6 12. Nxg6 hxg6 13. d5 c5 14. a4 Nb6 15.
a5 Nbd7 16. Qa4 a6 17. b4 O-O 18. bxc5 dxc5 19. Rb1 Bd6 20. g4 Qc7 21. g5 Nh5
22. Ne4 Rab8 23. Bf3 Nf4 24. Bg4 f5 25. gxf6 Nxf6 26. Nxf6+ gxf6 27. Bxf4 f5 $2
28. Bxe5 $2 (28. Bh6) 28... Bxe5 29. Bf3 Kg7 30. Bg2 Rh8 31. Rb3 g5 32. Rfb1 g4
33. hxg4 fxg4 34. d6 Qxd6 35. Rxb7+ Rxb7 36. Rxb7+ Kf8 37. Bd5 1-0

[Event "Verbandsliga MV 2014-15"]
[Site "Mecklenburg-Vorpommern"]
[Date "2015.01.18"]
[Round "5.6"]
[White "Giese, Lothar"]
[Black "Celmer, Ole"]
[Result "1-0"]
[WhiteElo "1787"]
[BlackElo "1912"]
[PlyCount "61"]
[EventType "team-tourn"]
[EventRounds "9"]
[WhiteTeam "FHSG Stralsund"]
[BlackTeam "SSC Rostock 07  II"]

1. c4 e5 2. Nc3 Bb4 3. Nd5 Bc5 4. e3 c6 5. Nc3 Nf6 6. d4 exd4 7. exd4 Be7 8.
Nf3 d5 9. Bd3 O-O 10. O-O dxc4 11. Bxc4 Nbd7 12. Qc2 Nb6 13. Bd3 Nbd5 14. a3 h6
15. Ne5 Nc7 16. Be3 Ne6 17. Rad1 Qc7 18. Qc1 Bd6 19. f4 Nd5 20. Nxd5 cxd5 21.
Qd2 Qe7 22. Bb1 Re8 23. Rf3 Nf8 24. Rdf1 Bd7 25. Rg3 Rac8 26. f5 Bxe5 27. dxe5
Qxe5 28. Bxh6 Bb5 29. Bxg7 Qxg3 30. hxg3 Bxf1 31. Qh6 1-0

[Event "Verbandsliga MV 2014-15"]
[Site "Mecklenburg-Vorpommern"]
[Date "2015.01.18"]
[Round "5.7"]
[White "Schumann, Rabea"]
[Black "Klepin, Wilfried"]
[Result "0-1"]
[WhiteElo "1809"]
[BlackElo "1849"]
[PlyCount "76"]
[EventType "team-tourn"]
[EventRounds "9"]
[WhiteTeam "SSC Rostock 07  II"]
[BlackTeam "FHSG Stralsund"]

1. c4 e6 2. Nf3 d5 3. g3 f5 4. Bg2 Nf6 5. O-O c6 6. d4 Bd6 7. c5 Bc7 8. Nc3
Nbd7 9. b4 e5 10. e3 O-O 11. a4 Ne4 12. Qc2 Nxc3 13. Qxc3 e4 14. Ne1 g5 15. Bd2
g4 16. b5 Rf6 17. h3 Rh6 18. hxg4 fxg4 19. Nc2 Nf6 20. Rfb1 Qe8 21. Be1 Qh5 22.
Qd2 Qh2+ 23. Kf1 Nh5 24. a5 Rf6 25. Ke2 Qxg2 26. Kd1 a6 27. bxc6 bxc6 28. Rb2
Ng7 29. Rab1 Ne6 30. Na3 Ng5 31. Qc1 Nf3 32. Qc3 Rh6 33. Re2 Qf1 34. Rbb2 Rh1
35. Nb1 Nxe1 36. Rxe1 Qxe1+ 37. Qxe1 Rxe1+ 38. Kxe1 Bxa5+ 0-1

[Event "Verbandsliga MV 2014-15"]
[Site "Mecklenburg-Vorpommern"]
[Date "2015.01.18"]
[Round "5.8"]
[White "Glawe, Hartmut"]
[Black "Hodl, Ingolf"]
[Result "1/2-1/2"]
[WhiteElo "1865"]
[BlackElo "1932"]
[PlyCount "126"]
[EventType "team-tourn"]
[EventRounds "9"]
[WhiteTeam "FHSG Stralsund"]
[BlackTeam "SSC Rostock 07  II"]

1. d4 Nf6 2. Nf3 g6 3. c4 Bg7 4. Nc3 O-O 5. e4 d6 6. Be2 Nbd7 7. O-O e5 8. dxe5
dxe5 9. Qc2 c6 10. Rd1 Qc7 11. Ne1 Nc5 12. b4 Ne6 13. Be3 Nd4 14. Qd2 Rd8 15.
Kh1 Bg4 16. Bxg4 Nxg4 17. Bg5 f6 18. Bh4 h5 19. Qb2 g5 20. Bg3 h4 21. h3 hxg3
22. hxg4 Qd7 23. fxg3 Qxg4 24. Qf2 Kf7 25. Nf3 Rh8+ 26. Kg1 Qh5 27. Kf1 Qh1+
28. Ng1 Bf8 29. Rab1 g4 30. Nce2 Rd8 31. Nxd4 exd4 32. Rxd4 Be7 33. Rxd8 Rxd8
34. c5 Qh6 35. Qf4 Qg6 36. Re1 Rd4 37. a3 f5 38. Qxf5+ Qxf5+ 39. exf5 Rd5 40.
Ne2 Rxf5+ 41. Nf4 Bf6 42. Re4 Re5 43. Rc4 Re3 44. a4 Ra3 45. b5 Rc3 46. Rb4
Rxc5 47. bxc6 b6 48. c7 Rxc7 49. Nd5 Rc1+ 50. Kf2 Be5 51. Rxg4 Rd1 52. Ne3 Ra1
53. Re4 Bd6 54. Nc4 Bc5+ 55. Kf3 Ra2 56. Ne5+ Kg7 57. Rg4+ Kh7 58. Nd7 Ra3+ 59.
Ke2 Be7 60. Re4 Bg5 61. Nf8+ Kg7 62. Ne6+ Kf6 63. Nxg5 Kxg5 1/2-1/2

[Event "Verbandsliga MV 2014-15"]
[Site "Mecklenburg-Vorpommern"]
[Date "2015.01.18"]
[Round "5.1"]
[White "Ispirjan, Mikael"]
[Black "Hornych, Christoph"]
[Result "1/2-1/2"]
[WhiteElo "1980"]
[BlackElo "2095"]
[PlyCount "95"]
[EventType "team-tourn"]
[EventRounds "9"]
[WhiteTeam "SAV Torgelow-Droegeheide 90"]
[BlackTeam "SF Ostsee Warnemuende"]

1. e4 c6 2. Ne2 d5 3. e5 Bf5 4. Ng3 Bg6 5. h4 h5 6. e6 fxe6 7. d4 Nh6 8. Bd3
Nf5 9. Nd2 Qd6 10. Qf3 Nd7 11. Nxf5 Bxf5 12. Bxf5 exf5 13. Qxf5 Qf6 14. Qxf6
exf6 15. Nf3 Bd6 16. Bd2 Kf7 17. O-O-O Rae8 18. Rde1 Re4 19. Rxe4 dxe4 20. Ng1
Re8 21. Ne2 f5 22. Bf4 Be7 23. c4 b5 24. cxb5 cxb5 25. Nc3 Rc8 26. Kb1 a6 27.
g3 Nb6 28. Rc1 Ke6 29. Rf1 Bf6 30. Be3 Nd5 31. Ne2 Rc4 32. b3 Nc3+ 33. Kb2 Nxe2
34. bxc4 bxc4 35. Kc2 Kd5 36. Rd1 c3 37. Kb3 f4 38. gxf4 g6 39. a3 Bxh4 40. Re1
Nxd4+ 41. Kxc3 Nb5+ 42. Kb3 Nd4+ 43. Kc3 Nb5+ 44. Kb4 Be7+ 45. Ka5 Nxa3 46.
Rd1+ Ke6 47. Kxa6 Nc4 48. Bc1 1/2-1/2

[Event "Verbandsliga MV 2014-15"]
[Site "Mecklenburg-Vorpommern"]
[Date "2015.01.18"]
[Round "5.2"]
[White "Ruesch, Hans Joachim"]
[Black "Schmekel, Florian"]
[Result "0-1"]
[WhiteElo "1976"]
[BlackElo "1795"]
[PlyCount "64"]
[EventType "team-tourn"]
[EventRounds "9"]
[WhiteTeam "SF Ostsee Warnemuende"]
[BlackTeam "SAV Torgelow-Droegeheide 90"]

1. Nf3 Nf6 2. g3 b6 3. Bg2 Bb7 4. O-O e6 5. d3 c5 6. e4 d6 7. Nbd2 Be7 8. c3
Nbd7 9. Re1 O-O 10. b3 b5 11. Qe2 a6 12. h4 Qc7 13. Bh3 Nb6 14. Nf1 c4 15. g4
cxd3 16. Qxd3 Nbd7 17. Ng3 Nc5 18. Qc2 d5 19. e5 Nfe4 20. Nh5 Nd7 21. Bb2 Bc5
22. Rxe4 dxe4 23. Ng5 g6 24. c4 gxh5 25. Bg2 Be7 26. Nxe4 Bxe4 27. Bxe4 Kg7 28.
Qd2 Nc5 29. Bxa8 Rxa8 30. gxh5 Rg8 31. Re1 Kh8+ 32. Kf1 Qc6 0-1

[Event "Verbandsliga MV 2014-15"]
[Site "Mecklenburg-Vorpommern"]
[Date "2015.01.18"]
[Round "5.3"]
[White "Zentgraf, Robert"]
[Black "Schumacher, Dirk"]
[Result "1-0"]
[WhiteElo "2115"]
[BlackElo "1955"]
[PlyCount "113"]
[EventType "team-tourn"]
[EventRounds "9"]
[WhiteTeam "SAV Torgelow-Droegeheide 90"]
[BlackTeam "SF Ostsee Warnemuende"]

1. Nf3 Nf6 2. c4 g6 3. g3 Bg7 4. Bg2 O-O 5. O-O c5 6. d4 cxd4 7. Nxd4 Nc6 8.
Nc3 Qb6 9. Nb3 Qb4 10. c5 a5 11. Bd2 Qg4 12. a4 Rd8 13. Bf4 e5 14. h3 Qe6 15.
Bg5 d6 16. Bxf6 Bxf6 17. Nd5 Rb8 18. Qd2 Be7 19. Nxa5 dxc5 20. Nxc6 bxc6 21.
Nxe7+ Qxe7 22. Qc3 Rd4 23. Rfc1 Be6 24. e3 Rdb4 25. Qxc5 Qf6 26. Rc2 Bb3 27.
Qxc6 Qxc6 28. Rxc6 Rxa4 29. Rxa4 Bxa4 30. Ra6 Rb4 31. Bd5 Bb3 32. Bxb3 Rxb3 33.
Ra2 f5 34. Kf1 Kf7 35. Ra7+ Ke6 36. Rxh7 Rxb2 37. Ra7 Kf6 38. Ra6+ Kf7 39. Kg2
Rc2 40. Kf3 e4+ 41. Kg2 Rb2 42. g4 fxg4 43. hxg4 Rb4 44. Ra5 Kf6 45. g5+ Ke6
46. Kg3 Rb2 47. Ra6+ Kf5 48. Kh4 Ke5 49. Rf6 Ra2 50. Kg3 Ra1 51. Kg2 Rb1 52.
Rxg6 Kf5 53. Rg8 Ra1 54. g6 Ra6 55. g7 Rg6+ 56. Kf1 Kg4 57. Re8 1-0

[Event "Verbandsliga MV 2014-15"]
[Site "Mecklenburg-Vorpommern"]
[Date "2015.01.18"]
[Round "5.4"]
[White "Hamann, Dirk"]
[Black "Lehmann, Ruben"]
[Result "0-1"]
[WhiteElo "1892"]
[BlackElo "1850"]
[PlyCount "124"]
[EventType "team-tourn"]
[EventRounds "9"]
[WhiteTeam "SF Ostsee Warnemuende"]
[BlackTeam "SAV Torgelow-Droegeheide 90"]

1. e4 c6 2. d4 d5 3. Nc3 dxe4 4. Nxe4 Nd7 5. Bg5 Ngf6 6. Nxf6+ Nxf6 7. Nf3 Bg4
8. Be2 Ne4 9. Bf4 e6 10. Qd3 Bf5 11. Qe3 Nf6 12. Qb3 Qb6 13. Qxb6 axb6 14. c3
Nd5 15. Bg3 Be7 16. O-O h6 17. Rfe1 O-O 18. a3 c5 19. Bc4 Bf6 20. Rad1 Rfd8 21.
h3 Bc2 22. Rd2 Ba4 23. Be5 Bc6 24. Bxf6 Nxf6 25. Ne5 cxd4 26. cxd4 Bd5 27. Bxd5
Rxd5 28. Rc1 Ne8 29. Nf3 Rad8 30. Rdc2 Kf8 31. Rc8 Ke7 32. Rxd8 Rxd8 33. Rc4
Rd6 34. Rc8 Rc6 35. Rb8 Rc7 36. Ne5 f6 37. Ng6+ Kf7 38. Nf4 (38. Nh8+ {'='} Kf8
39. Ng6+ Kf7 40. Nh8+ $11) 38... Re7 39. d5 e5 40. Ne6 Rd7 41. Rxb7 Rxb7 42.
Nd8+ Ke7 43. Nxb7 Nd6 44. Nxd6 Kxd6 45. a4 Kxd5 46. b4 Kc4 47. a5 bxa5 48. bxa5
Kb5 49. g4 Kxa5 50. Kg2 Kb5 51. Kf3 Kc5 52. Ke4 g6 53. h4 Kd6 54. f4 Ke6 55. h5
f5+ 56. Kf3 e4+ 57. Kg3 gxh5 58. gxh5 Kd5 59. Kf2 Kd4 60. Ke2 e3 61. Ke1 Ke4
62. Ke2 Kxf4 0-1

[Event "Verbandsliga MV 2014-15"]
[Site "Mecklenburg-Vorpommern"]
[Date "2015.01.18"]
[Round "5.5"]
[White "Ehlers, Michael"]
[Black "Wolke, Heiko"]
[Result "0-1"]
[WhiteElo "1878"]
[BlackElo "1950"]
[PlyCount "94"]
[EventType "team-tourn"]
[EventRounds "9"]
[WhiteTeam "SAV Torgelow-Droegeheide 90"]
[BlackTeam "SF Ostsee Warnemuende"]

1. e4 c6 2. d4 d5 3. exd5 cxd5 4. Bd3 Nc6 5. c3 Nf6 6. Bf4 Bg4 7. Qb3 Qc8 8.
Nd2 e6 9. h3 Bh5 10. Ne2 Be7 11. O-O O-O 12. Bg3 Bg6 13. Nf4 Bxd3 14. Nxd3 a6
15. a4 Na5 16. Qc2 b5 17. b4 Nc4 18. Nc5 Qc6 19. Nxc4 dxc4 20. Rfe1 a5 21. axb5
Qxb5 22. bxa5 Rxa5 23. Rab1 Qc6 24. Ne4 Rfa8 25. Rb2 Ra3 26. f3 Nd5 27. Reb1 f5
28. Rb8+ Rxb8 29. Rxb8+ Kf7 30. Nd2 Rxc3 31. Qa2 Rc1+ 32. Kh2 c3 33. Nc4 Bf6
34. Qa7+ Ne7 35. Nd6+ Kg6 36. Rb7 c2 37. Bf4 Rh1+ 38. Kxh1 c1=Q+ 39. Bxc1 Qxc1+
40. Kh2 Qf4+ 41. Kh1 Qxd6 42. Rd7 Qb4 43. Qc5 Qe1+ 44. Kh2 Nd5 45. Qf8 Bxd4 46.
Qe8+ Kh6 47. Qxe6+ Qxe6 0-1

[Event "Verbandsliga MV 2014-15"]
[Site "Mecklenburg-Vorpommern"]
[Date "2015.01.18"]
[Round "5.6"]
[White "Birnbaum, Wolf Dieter"]
[Black "Bauer, Norbert"]
[Result "0-1"]
[WhiteElo "1784"]
[BlackElo "1957"]
[PlyCount "67"]
[EventType "team-tourn"]
[EventRounds "9"]
[WhiteTeam "SF Ostsee Warnemuende"]
[BlackTeam "SAV Torgelow-Droegeheide 90"]

1. Nf3 Nf6 2. g3 b6 3. Bg2 Bb7 4. O-O c5 5. c4 e6 6. b3 Be7 7. Bb2 O-O 8. e3 d6
9. Nc3 a6 10. d4 cxd4 11. exd4 Nbd7 12. d5 e5 13. Qe2 Re8 14. Nd2 Bf8 15. h4 g6
16. Nde4 Nxe4 17. Nxe4 b5 18. f4 f5 19. Ng5 exf4 20. Ne6 fxg3 21. Rf4 Nc5 22.
Qd2 Nxe6 23. dxe6 Qe7 24. Re1 Bxg2 25. Kxg2 Bh6 26. Qd4 Bg7 27. Qxg7+ Qxg7 28.
Bxg7 Kxg7 29. Kxg3 Kf6 30. cxb5 axb5 31. Rb4 Rxa2 32. Rxb5 Rxe6 33. Rd1 Rae2
34. Rb6 0-1

[Event "Verbandsliga MV 2014-15"]
[Site "Mecklenburg-Vorpommern"]
[Date "2015.01.18"]
[Round "5.7"]
[White "Massloch, Philipp"]
[Black "Schmidt, Reinhard"]
[Result "1-0"]
[WhiteElo "1639"]
[BlackElo "1815"]
[PlyCount "51"]
[EventType "team-tourn"]
[EventRounds "9"]
[WhiteTeam "SAV Torgelow-Droegeheide 90"]
[BlackTeam "SF Ostsee Warnemuende"]

1. e4 c5 2. Nc3 Nc6 3. f4 d6 4. Nf3 g6 5. Bb5 Bd7 6. O-O Bg7 7. d3 e6 8. Bxc6
Bxc6 9. Qe1 Ne7 10. Qh4 Qd7 11. Be3 O-O-O 12. Qf2 b6 13. d4 cxd4 14. Nxd4 Ba8
15. Rfd1 f5 16. Ndb5 d5 17. e5 Nc6 18. Nd6+ Kb8 19. a4 g5 20. Ncb5 gxf4 21.
Bxb6 axb6 22. Qxb6+ Bb7 23. a5 Bxe5 24. a6 Bxd6 25. Nxd6 Qc7 26. a7+ 1-0

[Event "Verbandsliga MV 2014-15"]
[Site "Mecklenburg-Vorpommern"]
[Date "2015.01.18"]
[Round "5.8"]
[White "Feindura, Rene"]
[Black "Hippe, Franziska"]
[Result "1/2-1/2"]
[WhiteElo "1846"]
[BlackElo "1885"]
[PlyCount "63"]
[EventType "team-tourn"]
[EventRounds "9"]
[WhiteTeam "SF Ostsee Warnemuende"]
[BlackTeam "SAV Torgelow-Droegeheide 90"]

1. e4 c5 2. Nf3 Nc6 3. d4 cxd4 4. Nxd4 Nf6 5. Nc3 e5 6. Ndb5 d6 7. Bg5 a6 8.
Na3 b5 9. Nd5 Be7 10. Bxf6 Bxf6 11. c3 O-O 12. Be2 Bg5 13. h4 Bxh4 14. Bxb5
axb5 15. Qh5 Bxf2+ 16. Kxf2 h6 17. g4 b4 18. Nc4 bxc3 19. bxc3 Be6 20. Nce3 Rb8
21. Nf5 Rb2+ 22. Kf3 Bxf5 23. gxf5 Qg5 24. Qxg5 hxg5 25. f6 gxf6 26. Nxf6+ Kg7
27. Nh7 Rh8 28. Nxg5 Rxh1 29. Rxh1 Rxa2 30. Rd1 Ra3 31. Rxd6 Rxc3+ 32. Kg4
1/2-1/2

[Event "Verbandsliga MV 2014-15"]
[Site "Mecklenburg-Vorpommern"]
[Date "2015.01.18"]
[Round "5.1"]
[White "Moeller, Peter"]
[Black "Stutz, Reno"]
[Result "1-0"]
[WhiteElo "2001"]
[BlackElo "1947"]
[PlyCount "111"]
[EventType "team-tourn"]
[EventRounds "9"]
[WhiteTeam "HSG Uni Rostock"]
[BlackTeam "ASV Gruen-Weiss Wismar"]

1. d4 c5 2. c3 cxd4 3. cxd4 d5 4. Nf3 Nc6 5. Bf4 Nf6 6. e3 e6 7. Nbd2 Nh5 8.
Bg5 Be7 9. Bxe7 Qxe7 10. Bb5 O-O 11. O-O Nf6 12. Bxc6 bxc6 13. Qa4 Bd7 14. Ne5
c5 15. Qa3 Rfc8 16. Rfc1 Rc7 17. Rxc5 Rxc5 18. dxc5 Bb5 19. Qb4 Be8 20. Qc3 a5
21. Rc1 Qc7 22. b3 h6 23. a3 Bb5 24. f3 Kf8 25. c6 Kg8 26. f4 Ba6 27. Qc5 Rb8
28. Nd7 Nxd7 29. cxd7 Qxd7 30. Qxa5 Bd3 31. Rc7 Qd8 32. Qc3 Bc4 33. Rc5 Qb6 34.
b4 Ba6 35. Nf3 f6 36. Nd4 e5 37. fxe5 fxe5 38. Nf3 e4 39. Nd4 Qf6 40. b5 Rf8
41. Qe1 Bb7 42. Rc7 Bc8 43. a4 Bg4 44. Rc6 Qg5 45. Ne6 Bxe6 46. Rxe6 Rf3 47. h4
Qg4 48. Rc6 Rg3 49. Rc2 Qxh4 50. Re2 Qg5 51. b6 h5 52. b7 Qe5 53. Qb4 Qb8 54.
Rc2 Kh7 55. Rc8 Qa7 56. Rh8+ 1-0

[Event "Verbandsliga MV 2014-15"]
[Site "Mecklenburg-Vorpommern"]
[Date "2015.01.18"]
[Round "5.2"]
[White "Kliewe, Hans Juergen"]
[Black "Hammel, Ralf"]
[Result "1/2-1/2"]
[WhiteElo "1972"]
[BlackElo "1965"]
[PlyCount "44"]
[EventType "team-tourn"]
[EventRounds "9"]
[WhiteTeam "ASV Gruen-Weiss Wismar"]
[BlackTeam "HSG Uni Rostock"]

1. d4 e6 2. Nf3 Nf6 3. Bf4 d5 4. e3 c5 5. c3 Nc6 6. Nbd2 Qb6 7. Rb1 Bd7 8. Bd3
Rc8 9. h3 a5 10. O-O Be7 11. Ne5 O-O 12. g4 Nxe5 13. dxe5 Ne8 14. g5 Bb5 15.
Nf3 Bxd3 16. Qxd3 Nc7 17. Nh2 Rfd8 18. Rfd1 Qa6 19. Qd2 b5 20. Ng4 b4 21. Kh2
Qc4 22. cxb4 axb4 1/2-1/2

[Event "Verbandsliga MV 2014-15"]
[Site "Mecklenburg-Vorpommern"]
[Date "2015.01.18"]
[Round "5.3"]
[White "Kutschke, Peter"]
[Black "Schulz, Bernd"]
[Result "1/2-1/2"]
[WhiteElo "1941"]
[BlackElo "1875"]
[PlyCount "71"]
[EventType "team-tourn"]
[EventRounds "9"]
[WhiteTeam "HSG Uni Rostock"]
[BlackTeam "ASV Gruen-Weiss Wismar"]

1. e4 e5 2. d4 exd4 3. Qxd4 Nc6 4. Qe3 g6 5. Nc3 Bg7 6. Bd2 d6 7. O-O-O Nf6 8.
Qg3 Nh5 9. Qf3 Be6 10. h3 Qf6 11. g4 Qxf3 12. Nxf3 Nf6 13. Ng5 O-O-O 14. Nxe6
fxe6 15. f4 Rhf8 16. a3 Ng8 17. Bc4 Rde8 18. Rhf1 e5 19. f5 gxf5 20. gxf5 Nf6
21. Rg1 Re7 22. Bg5 Nd8 23. Rg2 Rd7 24. Rdg1 c6 25. Be3 Bh8 26. Bh6 Re8 27. Bg5
Kc7 28. h4 b5 29. Be2 a5 30. b4 a4 31. h5 Nf7 32. Be3 Rdd8 33. Nxb5+ cxb5 34.
Bxb5 Rg8 35. Bxa4 Rxg2 36. Rxg2 1/2-1/2

[Event "Verbandsliga MV 2014-15"]
[Site "Mecklenburg-Vorpommern"]
[Date "2015.01.18"]
[Round "5.4"]
[White "Bahr, Enrico"]
[Black "Schwetlick, Thomas"]
[Result "1/2-1/2"]
[WhiteElo "1836"]
[BlackElo "1853"]
[PlyCount "38"]
[EventType "team-tourn"]
[EventRounds "9"]
[WhiteTeam "ASV Gruen-Weiss Wismar"]
[BlackTeam "HSG Uni Rostock"]

1. d4 Nf6 2. Nf3 g6 3. Bg5 Bg7 4. e3 O-O 5. Bd3 d5 6. Nbd2 c5 7. c3 cxd4 8.
exd4 Bf5 9. Bxf5 gxf5 10. O-O Ne4 11. Nxe4 fxe4 12. Nh4 f6 13. Be3 e6 14. Qh5
Nd7 15. g4 Qe8 16. Qxe8 Raxe8 17. Rac1 f5 18. gxf5 exf5 19. Ng2 Nb6 1/2-1/2